Stavební konstrukce II.

Guardado en:
Detalles Bibliográficos
Autor principal: Lorenz, Karel (Autor)
Formato: Libro
Lenguaje:checo
Publicado: Praha : České vysoké učení technické v Praze, 1989
Edición:1. vyd.
Etiquetas: Agregar Etiqueta
Sin Etiquetas, Sea el primero en etiquetar este registro!

MARC

LEADER 00000nam a22000003a 4500
001 stu11886
005 20150617225802.0
008 951011s1989----cs------------------cze-d
040 |a STU  |b slo 
041 0 |a cze 
044 |a cs 
080 |a 624.014.2(075) 
100 1 |a Lorenz, Karel  |4 aut 
245 1 |a Stavební konstrukce II. 
250 |a 1. vyd. 
260 |a Praha :  |b České vysoké učení technické v Praze,  |c 1989 
300 |a 214 s 
996 |b 284AS00770  |c A*1363 S  |l AAKNAR  |s A  |a 24  |w stu11886_0001 
996 |b 284AS00771  |c A*1364 S  |l AAKNAR  |s A  |a 24  |w stu11886_0002 
996 |b 284AS01097  |c A*1584 S  |l AAKNAR  |s A  |a 24  |w stu11886_0003 
996 |b 284AS02248  |c A*1585 S  |l AAKNST  |s P  |a 0  |w stu11886_0004 
996 |b 284AS01266  |c A*1586 S  |l AAKNAR  |s A  |a 24  |w stu11886_0005 
996 |b 284AS00772  |c A*1588 S  |l AAKNAR  |s A  |a 24  |w stu11886_0006